000 00714nam a2200301Ia 4500
005 20260401122122.0
008 008 250103s9999 xx 000 0 eng d
020 _a8121506808
037 _aTB
040 _aEDL
040 _beng
040 _cEDL
041 _2eng
041 _aeng
084 _a891.22 RAN
084 _qEDL
100 _aRangacharya, Adya
_91232644
245 0 _aNatyasastra: English Translation with Critical notes
245 0 _cRangacharya, Adya
260 _aNew Delhi
260 _bMunshiram Manoharlal Publishers Pvt. Ltd.
260 _c2003
300 _a390p
942 _cTB
942 _h891.22 RAN
999 _c1845037
_d1845037